Rámce a roviny pastorálnej psychológie /
Uložené v:
| Hlavný autor: | |
|---|---|
| Médium: | Kniha |
| Jazyk: | Slovak |
| Vydané: |
Košice :
Seminár sv. Karola Boromejského,
2003
|
| Vydanie: | 1. vyd. |
| Témy: | |
| ISBN: |
808913808X (brož.) |
| Fyzický popis: |
356 s., 1 samostat. príl. : il., tab. ; 21 cm |
| Tagy: |
Pridať tag
Žiadne tagy, Buďte prvý kto otaguje tento záznam!
|
Titul je dostupný aj v ... 

MARC
| LEADER | 00000nam a2200000 a 4500 | ||
|---|---|---|---|
| 001 | 000000693 | ||
| 005 | 20040531143031.0 | ||
| 008 | 040531s2003 xo a e b 000 0 sloo | ||
| 020 | |a 808913808X (brož.) | ||
| 040 | |a SVKKK |b slo |c SVKKK |e AACR2 | ||
| 041 | 0 | |a slo | |
| 044 | |a xo |c SK | ||
| 072 | 7 | |a 159.9 |x Psychológia |2 konspekt | |
| 080 | |a 159.9 |2 1997 | ||
| 080 | |a 27-46:159.9 |2 1997 | ||
| 080 | |a (082) |2 1997 | ||
| 245 | 0 | 0 | |a Rámce a roviny pastorálnej psychológie / |c Stanislav Hvozdík a kolektív |
| 250 | |a 1. vyd. | ||
| 260 | |a Košice : |b Seminár sv. Karola Boromejského, |c 2003 | ||
| 300 | |a 356 s., 1 samostat. príl. : |b il., tab. ; |c 21 cm | ||
| 366 | |e 150 výt. | ||
| 500 | |a Vydané pre Teologickú fakultu v Košiciach, Katolíckej univerzity v Ružomberku | ||
| 504 | |a Obsahuje bibl. odkazy | ||
| 650 | 0 | 7 | |a pastorálna psychológia |2 SVKKKPH |
| 655 | 7 | |a zborníky |2 SVKKKPH | |
| 700 | 1 | |a Hvozdík, Stanislav |4 aut | |
| 710 | 2 | |a Katolícka univerzita. |b Teologická fakulta (Košice, Slovensko) |4 pbl | |
| 919 | |a 80-89138-08-X | ||
| 998 | |a BK | ||
| 090 | |g SCKHL |k Sklad Pribinova 2. posch. |a III.196363 |j 960132 |i 2720021168 |s Absenčne | ||
| 090 | |g SCKHL |k Sklad Pribinova 2. posch. |a III.196364 |j 960299 |i 2720021169 |s Absenčne | ||